000
00290nam a2200121Ia 4500
008
190216s9999||||xx |||||||||||||| ||und||
100
_a
Dinkar Pagare
245
0
_a
Law And Practice Of Income Tax
260
_b
Sulthan Chand&Sons
_c
1980
300
_a
600p
650
_a
Commerce
942
_c
BK
999
_c
4726
_d
4726